Jeux de société de A à Z - Images - Statistiques

Statistiques générales
  • Ce quiz a été pris 234 fois
  • Le résultat moyen est 11 sur 26
Statistiques - réponses
Par images Hint Réponse % Correct
U Uno
97%
B Bataille Navale
95%
L Les Loups-garous de Thiercelieux
92%
Q Qui est-ce
92%
C Cluedo
90%
T Trivial Poursuit
82%
M Mille Bornes
79%
J Jenga
62%
R Risk
59%
G Go
51%
N Nain Jaune
47%
D Dixit
37%
W Wazabi
36%
A Azul
34%
E Exploding Kittens
27%
P Pandemic
25%
S Splendor
23%
H Hanabi
19%
V Le Verger
19%
K Kingdomino
16%
F Faraway
13%
O Oriflamme
9%
I L'Ile interdite
7%
X Xi'An
4%
Z Zooloretto
3%
Y Yellow & Yangtze
2%
Aucun quiz correspondant
Distribution des résultats
% des personnes avec chaque résultat
Percentile par nombre de réponses
Votre historique - résultats
Vous n’avez pas pris ce quiz